| 000 | 02462nam a22003131i 4500 | ||
|---|---|---|---|
| 003 | UkCbUP | ||
| 005 | 20251022154439.0 | ||
| 008 | 220215s2024 enk ob 001 0 eng d | ||
| 020 | _a9781009258463 | ||
| 020 | _z9781009258456 | ||
| 020 | _z9781009258432 | ||
| 041 | _aEnglish | ||
| 082 | 0 | 0 |
_a338.473 _223/eng/20231018 _bFRI |
| 100 | 1 | _aFriedson, Andrew, | |
| 100 | 1 | _eauthor. | |
| 245 | 1 | 0 |
_aEconomics of healthcare : _ba brief introduction / _cAndrew Friedson. |
| 260 |
_aCambridge : _bCambridge University Press, _c2024. |
||
| 300 | _axviii, 252 pages : | ||
| 504 | _aIncludes bibliographical references and index. | ||
| 505 | 0 | _aHow economists view human behavior -- Where does health come from? -- Demand for medical care -- Health insurance and demand for medical care -- Evaluating evidence -- Provider firms -- The medical labor force -- Providers and incentives -- Hospitals -- Health insurance as a product -- Adverse selection -- Prices -- Managed care -- Public insurance -- Pharmaceuticals -- Externalities -- Medical malpractice -- Inequality -- International comparisons. | |
| 506 | _aAccess restricted to subscribing institutions. | ||
| 520 | _aAn approachable beginner's guide to health economics that brings the economist's way of viewing the world to bear on the fundamentals of the US healthcare system. The conversational writing style, with occasional doses of humour, allows students to see how applicable economic reasoning can be to unpacking some of the sector's thorniest issues, while accessible real-world examples teach the institutional details of healthcare and health insurance, as well as the economics that underpin the behaviour of key players in these markets. Many chapters are enhanced by 'Supplements' that offer how-to guides to tools commonly used by health economists, and economists more generally. They help form the basic 'economist's toolbox' for readers with no prior training in economics, and offer deeper dives into interesting related material. A test bank and lectures slides are available online for instructors, alongside additional resources and readings for students, taken from popular media and health care and policy journals. | ||
| 650 | 0 | _aMedical economics. | |
| 776 | 0 | 8 |
_iPrint version: _z9781009258456. |
| 856 | 4 | 0 | _uhttps://ezproxy.lib.gla.ac.uk/login?url=https://doi.org/10.1017/9781009258463 |
| 856 | 4 | 0 | _zConnect to resource |
| 907 | _a.b41271440 | ||
| 942 |
_2ddc _cBOOKS |
||
| 999 |
_c46008 _d46008 |
||